00414nam a2200133Ia 4500008004100000020001800041100001700059245006100076260002200137440003400159650003000193650001200223856004500235171212s9999 xx 000 0 und d a9781925022247 aJones, Barry cJones, BarryaDictionary of World Biographyb2nd Edition bANU E Pressc2015 aANU Lives Series in Biography aBiography -- Dictionaries aHistory uhttp://www.jstor.org/stable/j.ctt15r3xcb